000 00902nam a22002897a 4500
003 CHAP
005 20220329140904.0
008 971013s1969 r 00010 d
010 _a59353
011 _a60325
035 _a64485
040 _cCHAP
082 _a339.372
_bP8
100 0 0 _aPuente Leyva, Jesús.
_992903
245 _aDistribución del ingreso en una área urbana
_b: el caso de Monterrey
260 _aMéxico :
_bSiglo XXI,
_c1969
300 _a115 p.
500 _aPresentado originalmente como tesis
590 _aBATCH-UPD
_b10
_c20130110
_lUCH01
_h0654
590 _aBATCH-UPD
_b10
_c20130410
_lUCH01
_h0339
590 _aBATCH-UPD
_b10
_c20130914
_lUCH01
_h1642
590 _aCONVERSION
_b10
_c20130109
_lUCH01
_h1332
650 1 4 _aIngresos
_xMonterrey, NL.
_958399
901 _aBK
942 _cLIBRO
949 _a339.372 P8
_bBC
_cLIBRO
_d33724000380234
_eLIBRO
_h45384
_i64485
_mD
_si
999 _c59353
_d59353